[Event "Gibraltar Masters 2020"]
[Site "Caleta ENG"]
[Date "2020.01.24"]
[Round "4.100"]
[White "Pratyusha, Bodda"]
[Black "Arroyo Rodriguez, Jesus"]
[Result "1-0"]
[WhiteTitle "WIM"]
[WhiteElo "2267"]
[BlackElo "2125"]
[WhiteFideId "5000629"]
[BlackFideId "2277760"]
[EventDate "2020.01.21"]

1. d4 Nf6 2. Bf4 d5 3. e3 c5 4. c3 e6 5. Nd2 Bd6 6. Bg3 Qc7 7. Ngf3 Nbd7 8. Bd3
O-O 9. Qe2 e5 10. dxe5 Nxe5 11. Nxe5 Bxe5 12. Nf3 Bd6 13. Rd1 Re8 14. Qc2 Bg4
15. Bxd6 Qxd6 16. Be2 Rad8 17. O-O Qb6 18. Rfe1 Rd6 19. h3 Bh5 20. b3 Red8 21.
Ne5 Bxe2 22. Rxe2 Qa5 23. Red2 b5 24. c4 d4 25. exd4 Rxd4 26. Rxd4 Rxd4 27. Nc6
Rxd1+ 28. Qxd1 Qb6 29. cxb5 a6 30. Qd6 1-0

[Event "Gibraltar Masters 2020"]
[Site "Caleta ENG"]
[Date "2020.01.24"]
[Round "4.101"]
[White "Rudzinska, Michalina"]
[Black "Rakshitta, Ravi"]
[Result "0-1"]
[WhiteTitle "WFM"]
[BlackTitle "WIM"]
[WhiteElo "2005"]
[BlackElo "2267"]
[WhiteFideId "1172883"]
[BlackFideId "25073230"]
[EventDate "2020.01.21"]

1. e4 e5 2. Nf3 Nc6 3. Nc3 Nf6 4. Bb5 Bb4 5. O-O Bxc3 6. bxc3 d6 7. d3 O-O 8.
Bg5 Ne7 9. Re1 Ng6 10. d4 h6 11. Bc1 Qe7 12. a4 c6 13. Bd3 Re8 14. h3 Qc7 15. c4
Bd7 16. d5 c5 17. Nh2 Rf8 18. Qf3 Qd8 19. Ng4 Nh7 20. Qg3 Kh8 21. Ne3 Nh4 22.
Nf5 Nxf5 23. exf5 Qf6 24. Qf3 e4 0-1

[Event "Gibraltar Masters 2020"]
[Site "Caleta ENG"]
[Date "2020.01.24"]
[Round "4.102"]
[White "Sukandar, Irine Kharisma"]
[Black "Teh, Wee Zhun"]
[Result "1-0"]
[WhiteTitle "IM"]
[WhiteElo "2402"]
[BlackElo "1857"]
[WhiteFideId "7101937"]
[BlackFideId "5707277"]
[EventDate "2020.01.21"]

1. e4 d5 2. exd5 Qxd5 3. Nc3 Qd6 4. d4 Nf6 5. Nf3 c6 6. Ne5 Nbd7 7. Nc4 Qc7 8.
Qf3 Nb6 9. Bf4 Qd7 10. Nxb6 axb6 11. O-O-O Nd5 12. Nxd5 Qxd5 13. Qxd5 cxd5 14.
Kb1 Bd7 15. Rd3 b5 16. Rb3 b4 17. Bd2 e6 18. Bxb4 Ba4 19. Ra3 Bxb4 20. Rxa4 Rxa4
21. Bb5+ Ke7 22. Bxa4 h5 23. h4 Rh6 24. c3 Bd6 25. Bd1 g6 26. Kc2 Rh8 27. Kd3 b6
28. a4 Bc7 29. b3 Rb8 30. Bf3 b5 31. axb5 Rxb5 32. b4 Rb8 33. Ra1 Bb6 34. Ra6
Kd6 35. Bd1 Kc7 36. Ra2 Rc8 37. Ba4 Ra8 38. Kc2 Kd6 39. Kb3 Kc7 40. Re2 Kd6 41.
Re1 Rc8 42. Bb5 Ra8 43. Be2 Kc7 44. Bf3 Kd6 45. Rd1 Rc8 46. Ra1 Rd8 47. Be2 Kc7
48. f3 Rh8 49. Bb5 Kd6 50. Kc2 Rc8 51. Kd3 Rb8 52. Ra6 Kc7 53. Ra2 Kd6 54. Ra6
Kc7 55. Kc2 Rh8 56. Ra1 Kd6 57. Kd2 Rc8 58. Ra3 Rd8 59. Ke2 Rb8 60. Bd3 Rc8 61.
Ra6 Kc7 62. Kf1 Rb8 63. Be2 Rh8 64. Bd1 Kb7 65. Ra3 Bd8 66. g3 Bc7 67. Kg2 Bb6
68. Be2 Kc7 69. f4 Kd6 70. Bf3 Rb8 71. Ra6 Kc7 72. f5 Rh8 73. fxg6 fxg6 74. Be2
Rf8 75. Bd3 Rg8 76. g4 hxg4 77. Kg3 Kb7 78. Kxg4 Rh8 79. b5 Bd8 80. Bxg6 Rxh4+
81. Kg3 Rh1 82. Rxe6 Rc1 83. Kf4 Rxc3 84. Ke5 Rb3 85. Be8 Bb6 86. Bc6+ Kc7 87.
Re7+ Kc8 88. Kd6 Rb4 89. Re8+ Bd8 90. Bd7+ Kb7 91. Rxd8 Rxd4 92. Bc6+ Kb6 93.
Ra8 1-0

[Event "Gibraltar Masters 2020"]
[Site "Caleta ENG"]
[Date "2020.01.24"]
[Round "4.103"]
[White "Gonzalez Gonzalez, Alfonso"]
[Black "Hedman, Erik"]
[Result "0-1"]
[BlackTitle "IM"]
[WhiteElo "2100"]
[BlackElo "2376"]
[WhiteFideId "2223007"]
[BlackFideId "1702351"]
[EventDate "2020.01.21"]

1. e4 c5 2. Nf3 Nc6 3. d4 cxd4 4. Nxd4 Nf6 5. Nc3 d6 6. Bg5 e6 7. Be2 h6 8. Be3
Be7 9. Qd2 a6 10. f4 Bd7 11. Nxc6 Bxc6 12. Bf3 Qc7 13. O-O b5 14. a3 Rc8 15. Qf2
Qb7 16. Qg3 g6 17. f5 gxf5 18. exf5 e5 19. Rad1 a5 20. Rd2 b4 21. Na4 Rg8 22.
Qh3 e4 23. Nb6 exf3 24. Nxc8 Rxg2+ 25. Rxg2 fxg2 26. Nxd6+ Bxd6 27. Re1 Kd7 28.
a4 h5 29. Bd4 Ng4 30. f6 Qc7 31. Re7+ Bxe7 32. fxe7 Qf4 0-1

[Event "Gibraltar Masters 2020"]
[Site "Caleta ENG"]
[Date "2020.01.24"]
[Round "4.104"]
[White "Gagare, Shalmali"]
[Black "Tomilova, Elena"]
[Result "1/2-1/2"]
[WhiteTitle "WIM"]
[BlackTitle "WGM"]
[WhiteElo "2099"]
[BlackElo "2372"]
[WhiteFideId "5038650"]
[BlackFideId "4162340"]
[EventDate "2020.01.21"]

1. e4 d5 2. exd5 Qxd5 3. Nc3 Qd6 4. d4 Nf6 5. Nf3 g6 6. Nb5 Qb6 7. Na3 Be6 8.
Nc4 Bxc4 9. Bxc4 Qb4+ 10. Nd2 Bh6 11. Bd3 e6 12. c3 Qe7 13. Qf3 c6 14. Ne4 Bg7
15. Bg5 Nbd7 16. Nxf6+ Bxf6 17. Bxf6 Nxf6 18. O-O O-O 19. Rfe1 Rad8 20. Bc4 Kg7
21. Bb3 Qc7 22. Qg3 Qxg3 23. hxg3 Rd7 24. Rad1 Rfd8 25. Kf1 h5 26. Ke2 b5 27. f3
Ne8 28. Ke3 a5 29. a3 a4 30. Bc2 Nd6 31. Bd3 e5 32. Ke2 exd4 33. cxd4 Nb7 34. d5
Rxd5 35. Be4 Rxd1 36. Rxd1 Rxd1 37. Kxd1 Nd8 38. Kd2 Kf6 39. f4 Ke7 40. Kc3 f5
41. Bb1 Kd6 42. Kb4 Kc7 43. Kc3 c5 44. b3 axb3 45. Kxb3 Nc6 46. Kc3 Na5 47. Ba2
Nc6 48. Bf7 Ne7 49. Kb3 Kb6 50. a4 b4 51. Kc4 Nc6 52. Bxg6 Nd4 53. Bxh5 b3 54.
Kc3 Ka5 55. Be8 c4 56. Bg6 b2 57. Kxb2 Kb4 58. g4 c3+ 59. Kc1 fxg4 60. f5 Ne2+
61. Kc2 Nf4 62. g3 Nd5 63. a5 Kxa5 64. f6 Nxf6 65. Kxc3 Kb6 66. Kd4 Kc7 67. Ke5
Nd7+ 68. Ke6 Nf8+ 69. Kf7 Nd7 70. Ke7 Nb6 71. Bf7 Nc8+ 72. Kf6 Nd6 73. Bd5 Kd8
74. Ke6 Ne8 75. Kf7 Nd6+ 76. Kg6 Ke7 77. Kg5 Ne8 78. Be4 Nf6 79. Bf5 Kf7 80.
Bxg4 Ne4+ 81. Kf4 Nxg3 1/2-1/2

[Event "Gibraltar Masters 2020"]
[Site "Caleta ENG"]
[Date "2020.01.24"]
[Round "4.105"]
[White "George, Lolomari Erekosima"]
[Black "Antova, Gabriela"]
[Result "0-1"]
[WhiteTitle "CM"]
[BlackTitle "FM"]
[WhiteElo "2053"]
[BlackElo "2295"]
[WhiteFideId "8501076"]
[BlackFideId "2915235"]
[EventDate "2020.01.21"]

1. d4 d5 2. c4 c6 3. Nf3 Nf6 4. e3 e6 5. b3 Nbd7 6. Bb2 Bd6 7. Bd3 b6 8. Nbd2
Bb7 9. O-O O-O 10. Ne5 Re8 11. f4 c5 12. cxd5 exd5 13. Qf3 cxd4 14. exd4 Bb4 15.
Rad1 Nf8 16. Qh3 Rc8 17. g4 Ne4 18. Nxe4 dxe4 19. Bc4 Bd5 20. a3 Bxc4 21. Nxc4
b5 22. Ne3 Bc3 23. Qg2 Ng6 24. Qf2 Nh4 25. d5 Nf3+ 26. Kh1 Qb6 27. d6 Bxb2 28.
d7 Bd4 29. dxc8=Q Rxc8 30. Qe2 Bxe3 31. Rd5 a6 32. Rfd1 h6 33. b4 Rc3 34. Rd6
Qc7 35. Rd8+ Kh7 36. R8d7 Rc2 0-1

[Event "Gibraltar Masters 2020"]
[Site "Caleta ENG"]
[Date "2020.01.24"]
[Round "4.106"]
[White "Vidic, Teja"]
[Black "Sigeman, Johan"]
[Result "1/2-1/2"]
[WhiteTitle "WFM"]
[WhiteElo "2252"]
[BlackElo "2119"]
[WhiteFideId "14605511"]
[BlackFideId "1705601"]
[EventDate "2020.01.21"]

1. e4 e5 2. Nf3 Nc6 3. Bb5 a6 4. Ba4 Nf6 5. O-O Be7 6. Re1 b5 7. Bb3 d6 8. c3
O-O 9. h3 Nb8 10. d4 Nbd7 11. Nbd2 Bb7 12. Bc2 Re8 13. Nf1 Bf8 14. Ng3 g6 15.
Bg5 h6 16. Bd2 c5 17. d5 c4 18. Nh2 h5 19. Bg5 Be7 20. Qd2 Nh7 21. Be3 Bg5 22.
Nf3 Bxe3 23. Qxe3 Qf6 24. Ne2 h4 25. g3 g5 26. Kf1 Kh8 27. Nh2 Qg6 28. Ng1 hxg3
29. fxg3 Bxd5 30. Rad1 Bc6 31. Rd2 Re6 32. Ng4 Nhf6 33. Nxf6 Rxf6+ 34. Kg2 Re6
35. Nf3 f6 1/2-1/2

[Event "Gibraltar Masters 2020"]
[Site "Caleta ENG"]
[Date "2020.01.24"]
[Round "4.107"]
[White "Raghav, Srivathsav V"]
[Black "Piasetski, Leon"]
[Result "1/2-1/2"]
[BlackTitle "IM"]
[WhiteElo "2023"]
[BlackElo "2219"]
[WhiteFideId "5073316"]
[BlackFideId "2600072"]
[EventDate "2020.01.21"]

1. Nf3 d5 2. g3 c6 3. Bg2 Bg4 4. O-O Nd7 5. d4 e6 6. c4 Ngf6 7. Qb3 Qb6 8. c5
Qc7 9. Bf4 Qc8 10. Nc3 Be7 11. Qc2 O-O 12. e4 dxe4 13. Nxe4 Bf5 14. Nfd2 Nxe4
15. Bxe4 Bg6 16. Rfe1 Nf6 17. Bxg6 hxg6 18. Ne4 Nxe4 19. Qxe4 Rd8 20. Rad1 Rd5
21. Be5 Qd7 22. Qe2 Rd8 23. Rc1 Bf6 24. Rc2 Bxe5 25. dxe5 Rd3 26. Qe4 Qd4 27.
Qxd4 R8xd4 28. Ree2 Kf8 29. Kg2 Rd8 1/2-1/2

[Event "Gibraltar Masters 2020"]
[Site "Caleta ENG"]
[Date "2020.01.24"]
[Round "4.108"]
[White "Wall, Tim P"]
[Black "Bengherabi, Khalil"]
[Result "1-0"]
[WhiteTitle "FM"]
[BlackTitle "FM"]
[WhiteElo "2218"]
[BlackElo "2106"]
[WhiteFideId "401641"]
[BlackFideId "7900325"]
[EventDate "2020.01.21"]

1. d4 d5 2. Nc3 Nf6 3. Bf4 c5 4. e3 Nc6 5. Nb5 e5 6. dxe5 a6 7. Nc3 d4 8. exf6
dxc3 9. Qxd8+ Kxd8 10. Bg5 g6 11. bxc3 Bd6 12. Nf3 h6 13. Bh4 Re8 14. O-O-O Kc7
15. Bg3 Bxg3 16. hxg3 h5 17. Ng5 Be6 18. Kb2 Ne5 19. Be2 Nd7 20. g4 Bxg4 21.
Bxg4 hxg4 22. Rh7 Rf8 23. Ne6+ fxe6 24. Rdxd7+ Kc6 25. Rc7+ Kd6 26. Rhd7+ Ke5
27. f7 Rac8 28. Rxb7 Rh8 29. Rb6 Rb8 30. Rdb7 Rxb7 31. Rxb7 Kf6 32. Kb3 Rd8 33.
Rd7 Rb8+ 34. Kc4 Kg7 35. Kxc5 Rb5+ 36. Kd6 Rf5 37. Ke7 Rxf2 38. Ke8 1-0

[Event "Gibraltar Masters 2020"]
[Site "Caleta ENG"]
[Date "2020.01.24"]
[Round "4.109"]
[White "Kozarcanin, Sead"]
[Black "Byron, Alan M"]
[Result "0-1"]
[WhiteElo "2019"]
[BlackElo "2208"]
[WhiteFideId "14504650"]
[BlackFideId "401773"]
[EventDate "2020.01.21"]

1. b3 e5 2. Bb2 Nc6 3. e3 g6 4. Bb5 Nge7 5. f4 Bg7 6. Nf3 d6 7. fxe5 O-O 8. d4
dxe5 9. dxe5 Qxd1+ 10. Kxd1 Bg4 11. Kc1 a6 12. Bxc6 Nxc6 13. Nbd2 Rfe8 14. Re1
Rad8 15. a4 Bxf3 16. Nxf3 Nxe5 17. Nxe5 Bxe5 18. Bxe5 Rxe5 19. Re2 Rd6 20. Kb2
f5 21. Rf1 Rde6 22. Rf3 b5 23. axb5 axb5 24. Kc3 h5 25. Kd2 Kf7 26. h4 Ke7 27.
Rf4 c5 28. g3 Kd6 29. c4 Kc6 30. Rf1 Re4 31. Rf4 R4e5 32. Rf1 Kb6 33. Ra1 Re4
34. Kd3 Rd6+ 35. Kc3 Rde6 36. Kd3 Rd6+ 37. Kc3 Rd8 38. cxb5 Kxb5 39. Ra7 Rde8
40. Kd3 Rd8+ 41. Kc3 Rde8 42. Kd3 Kb6 43. Ra1 Rg4 44. Rg2 Rb4 45. Ra3 Rbe4 46.
Re2 Rd8+ 47. Kc2 Rg4 48. Rg2 Rd7 49. Ra1 Ra7 50. Rag1 Ra2+ 51. Kc3 Rxg2 52. Rxg2
Kc6 53. Rg1 Kd5 54. Kd3 Rb4 55. Kc3 Ke5 56. Ra1 Rg4 57. Rg1 Rb4 58. Ra1 Rg4 59.
Rg1 Kd5 60. Kd3 Rb4 61. Kc3 Ke4 62. Rd1 Kxe3 63. Rd5 Kf3 64. Rxc5 Rb6 65. b4
Kxg3 66. Rc4 f4 67. Kd2 f3 68. Ke1 Re6+ 69. Kf1 Rd6 70. Rc1 Rd2 71. Rb1 Rh2 0-1

[Event "Gibraltar Masters 2020"]
[Site "Caleta ENG"]
[Date "2020.01.24"]
[Round "4.110"]
[White "Wilson, Matthew R"]
[Black "Ajele, Rotimi"]
[Result "0-1"]
[WhiteElo "1837"]
[BlackElo "2188"]
[WhiteFideId "423459"]
[BlackFideId "8502994"]
[EventDate "2020.01.21"]

1. e4 e5 2. Nf3 Nc6 3. Nc3 Nf6 4. d4 exd4 5. Nxd4 Bb4 6. Nxc6 bxc6 7. Bd3 O-O 8.
O-O Re8 9. Re1 d6 10. Bg5 h6 11. Bh4 Bd7 12. Qf3 g5 13. Bg3 Bg4 14. Qe3 d5 15.
a3 Bf8 16. Qc1 d4 17. Nb1 Nh5 18. f3 Be6 19. Bf2 Nf4 20. Nd2 Bg7 21. Nc4 c5 22.
b3 Rb8 23. Rb1 Qd7 24. Bg3 Nh5 25. Bf2 Kh8 26. Qd2 Nf4 27. Bg3 Bxc4 28. Bxf4
Bxd3 29. cxd3 gxf4 30. Qxf4 Rb6 31. Rbc1 Qe7 32. b4 Be5 33. Qd2 cxb4 34. axb4
Qg5 0-1

[Event "Gibraltar Masters 2020"]
[Site "Caleta ENG"]
[Date "2020.01.24"]
[Round "4.111"]
[White "Podetti, Davide"]
[Black "Reeder, Andy"]
[Result "1-0"]
[WhiteElo "2187"]
[BlackElo "2064"]
[WhiteFideId "893617"]
[BlackFideId "2016516"]
[EventDate "2020.01.21"]

1. e4 c5 2. Nf3 e6 3. c4 Nc6 4. d4 cxd4 5. Nxd4 Nf6 6. Nc3 Bb4 7. Nxc6 bxc6 8.
Bd3 e5 9. O-O O-O 10. Be3 Be7 11. c5 d5 12. cxd6 Qxd6 13. Be2 Qb4 14. Qc2 Ng4
15. Bxg4 Bxg4 16. f3 Be6 17. Na4 Rab8 18. b3 Qa5 19. Rfd1 Rb5 20. Qf2 Rc8 21.
Rac1 Ba3 22. Rc2 Rxb3 23. axb3 Bxb3 24. Nc3 Bb4 25. Rdc1 Bxc2 26. Qxc2 Rd8 27.
Ne2 Bd2 28. Bxd2 Rxd2 29. Qxc6 g6 30. Nc3 Qd8 31. Kh1 h5 32. Nd5 Qg5 33. Rg1 Kg7
34. f4 Qh4 35. Qc7 exf4 36. Qc3+ 1-0

[Event "Gibraltar Masters 2020"]
[Site "Caleta ENG"]
[Date "2020.01.24"]
[Round "4.112"]
[White "Kandic, Milan"]
[Black "Herzwurm, Robert"]
[Result "1-0"]
[WhiteTitle "FM"]
[WhiteElo "2132"]
[BlackElo "1979"]
[WhiteFideId "926752"]
[BlackFideId "4668570"]
[EventDate "2020.01.21"]

1. e4 e6 2. d4 d5 3. Nc3 Bb4 4. e5 c5 5. a3 Bxc3+ 6. bxc3 Ne7 7. Nf3 h6 8. a4 b6
9. Bb5+ Bd7 10. O-O Qc7 11. Ba3 a6 12. Bxd7+ Nxd7 13. Qd2 O-O 14. Rfe1 f6 15.
Qe2 Ng6 16. g3 fxe5 17. Nxe5 Ngxe5 18. dxe5 Rf7 19. f4 Qc6 20. Bc1 c4 21. Be3
Nc5 22. Bxc5 Qxc5+ 23. Qf2 Qxf2+ 24. Kxf2 g5 25. Ke3 gxf4+ 26. gxf4 Rg7 27. Rg1
Ra7 28. Rxg7+ Rxg7 29. Rb1 Rg2 30. Rxb6 Rxc2 31. Rxe6 Rxc3+ 32. Kd2 Rd3+ 33. Ke2
d4 34. Rxa6 Re3+ 35. Kf2 c3 36. Rc6 Rh3 37. Ke1 Rxh2 38. Kd1 Rh1+ 39. Kc2 Rh2+
40. Kc1 Rh1+ 41. Kc2 Rh2+ 42. Kd3 Rd2+ 43. Ke4 c2 44. a5 d3 45. a6 Rd1 46. a7
Ra1 47. Kxd3 h5 48. Rxc2 Rxa7 49. Rh2 Rh7 50. Ke4 h4 51. Rh3 Kf7 52. f5 Rh8 53.
Kf4 1-0

[Event "Gibraltar Masters 2020"]
[Site "Caleta ENG"]
[Date "2020.01.24"]
[Round "4.113"]
[White "Guerra Reig, Juan"]
[Black "Bellon Lopez, Juan Manuel"]
[Result "0-1"]
[BlackTitle "GM"]
[WhiteElo "1998"]
[BlackElo "2348"]
[WhiteFideId "2224801"]
[BlackFideId "2200031"]
[EventDate "2020.01.21"]

1. c4 Nf6 2. Nc3 e6 3. g3 d5 4. cxd5 exd5 5. Bg2 c6 6. d4 Bf5 7. Nf3 h6 8. O-O
Nbd7 9. Re1 Be7 10. Qb3 Qb6 11. Qxb6 axb6 12. e4 Nxe4 13. Nxe4 Bxe4 14. Ne5 Bxg2
15. Kxg2 Nxe5 16. Rxe5 Kd7 17. Bd2 Bf6 18. Rf5 Ra4 19. a3 Rxd4 20. Bc3 Re4 21.
Bxf6 gxf6 22. Rxf6 Ke7 23. Rf3 h5 24. h4 Ke6 25. Rb3 b5 26. Rc1 Ra8 27. Rc2 f5
28. Rd3 Rg8 29. Kf3 f4 30. Rd1 fxg3 31. fxg3 Rf8+ 32. Kg2 Re3 33. Rd4 Rff3 34.
g4 Rg3+ 35. Kf2 Ref3+ 36. Ke2 Ke5 37. Rcd2 hxg4 38. Rxg4 Rxg4 39. Kxf3 Rxh4 40.
Re2+ Re4 0-1

[Event "Gibraltar Masters 2020"]
[Site "Caleta ENG"]
[Date "2020.01.24"]
[Round "4.114"]
[White "Giacomini, Hector"]
[Black "Roman Lopez, Jesus"]
[Result "1-0"]
[WhiteElo "2161"]
[BlackElo "1973"]
[WhiteFideId "605352"]
[BlackFideId "2291673"]
[EventDate "2020.01.21"]

1. c4 c5 2. Nc3 Nf6 3. Nf3 Nc6 4. d4 cxd4 5. Nxd4 g6 6. e4 d6 7. Be2 Bg7 8. Be3
O-O 9. O-O a6 10. h3 Bd7 11. Qd2 Rc8 12. Rac1 Nxd4 13. Bxd4 Bc6 14. Bf3 Qa5 15.
Rfd1 Rfe8 16. b3 h5 17. Rc2 Nd7 18. Bxg7 Kxg7 19. Be2 Nf6 20. Qd4 Qg5 21. Rd3 h4
22. Re3 Kh7 23. Nd5 Nxd5 24. cxd5 Bb5 25. Rxc8 Rxc8 26. Bxb5 axb5 27. e5 Rc1+
28. Kh2 Rc2 29. Rf3 dxe5 30. Qe4 Rxa2 31. Rxf7+ Kg8 32. Rf3 Rd2 33. d6 Rxd6 34.
Qxb7 Kg7 35. Qxb5 Rf6 36. Qe2 Rf4 37. Re3 Rf5 38. Re4 Qf6 39. f3 Qg5 40. Qe1 Qf6
41. Qxh4 Qd6 42. Qe1 g5 43. b4 Rf4 44. b5 Qc5 45. Rxe5 Qd6 46. Rxg5+ 1-0

[Event "Gibraltar Masters 2020"]
[Site "Caleta ENG"]
[Date "2020.01.24"]
[Round "4.115"]
[White "Osuna Vega, Enrique"]
[Black "Adewole, Adeyinka"]
[Result "1-0"]
[WhiteTitle "CM"]
[WhiteElo "2129"]
[BlackElo "1941"]
[WhiteFideId "2219549"]
[BlackFideId "8502544"]
[EventDate "2020.01.21"]

1. e4 e6 2. d4 d5 3. Nc3 Nf6 4. Bg5 Be7 5. e5 Nfd7 6. Bxe7 Qxe7 7. f4 O-O 8. Nf3
c5 9. Bd3 cxd4 10. Ne2 Qb4+ 11. Qd2 Qxb2 12. O-O Nc6 13. Bxh7+ Kxh7 14. Ng5+ Kg6
15. Qd3+ f5 16. Qh3 Ndxe5 17. Qh7+ Kf6 18. fxe5+ Nxe5 19. Nf4 d3 20. Qh4 Ke7 21.
Ngxe6+ Rf6 22. Nc7 Kd6 23. Ncxd5 Qd4+ 24. Kh1 Ng6 25. Qg3 Nxf4 26. Nxf6 gxf6 27.
cxd3 Be6 28. Rae1 Kd7 29. Rxf4 Qc3 30. Qe3 Qc6 31. Rc1 Qb6 32. Qd4+ Ke7 33. Qxb6
axb6 34. a4 Kd6 35. Kg1 Ra5 36. Rb4 Ra6 37. Kf2 Bd7 38. Rcc4 Bc6 39. g3 b5 40.
axb5 Ra2+ 41. Ke3 Bd5 42. Rf4 Kc5 43. Rb1 Be6 44. Rf2 Ra3 45. Rc2+ Kd6 46. h4
Ra4 47. Rf2 Rg4 48. Rg1 Kc5 49. Rf4 Rg8 50. Kf2 Kxb5 51. Re1 Bc8 52. Rc4 Kb6 53.
Re7 Rf8 54. h5 Ka5 55. h6 b5 56. Rc2 b4 57. Ke3 Ba6 58. Rc5+ Bb5 59. Rb7 1-0

[Event "Gibraltar Masters 2020"]
[Site "Caleta ENG"]
[Date "2020.01.24"]
[Round "4.116"]
[White "Stolniceanu, Victor-Dumitru"]
[Black "Obiamiwe, Paul"]
[Result "1-0"]
[WhiteElo "2074"]
[BlackElo "1920"]
[WhiteFideId "1221019"]
[BlackFideId "8500215"]
[EventDate "2020.01.21"]

1. e4 e5 2. Nf3 Nc6 3. Bb5 a6 4. Bxc6 dxc6 5. h3 Qf6 6. O-O h6 7. d3 Bd7 8. Nbd2
Ne7 9. b3 Ng6 10. Bb2 O-O-O 11. Nc4 Re8 12. Nfxe5 Rxe5 13. f4 Qh4 14. Nxe5 Nxe5
15. Bxe5 Bxh3 16. Qf3 Bg4 17. Qf2 Qe7 18. Qa7 Qb4 19. Kh2 f6 20. c3 Qb5 21. c4
Qa5 22. b4 Qa3 23. Bd4 h5 24. Bc5 h4 25. Bxf8 Qxd3 26. Bxg7 Qg3+ 27. Kg1 Rg8 28.
Qa8+ Kd7 29. Qxg8 h3 30. Rad1+ Ke7 31. Bf8+ 1-0

[Event "Gibraltar Masters 2020"]
[Site "Caleta ENG"]
[Date "2020.01.24"]
[Round "4.117"]
[White "Johnsen, Sylvia"]
[Black "Huguet, Sergio"]
[Result "1/2-1/2"]
[WhiteTitle "WFM"]
[BlackTitle "FM"]
[WhiteElo "1902"]
[BlackElo "2055"]
[WhiteFideId "1500988"]
[BlackFideId "2212552"]
[EventDate "2020.01.21"]

1. e4 c5 2. Nc3 g6 3. g3 Bg7 4. Bg2 Nc6 5. d3 d6 6. Nge2 e5 7. Nd5 Be6 8. Nec3
f6 9. a3 Nge7 10. O-O O-O 11. Rb1 a5 12. a4 Nb4 13. b3 Nexd5 14. Nxd5 Nxd5 15.
exd5 Bf7 16. c4 f5 17. f4 Re8 18. h4 h5 19. Kh2 b6 20. Bd2 exf4 21. Bxf4 Be5 22.
Qd2 Qf6 23. Bxe5 Qxe5 24. Rbe1 Qd4 25. Rf4 Qf6 26. Rxe8+ Rxe8 27. d4 cxd4 28.
Rxd4 Qe5 29. Rd3 Qe2 30. Qxe2 Rxe2 31. Kg1 Kg7 32. Kf1 Rb2 33. Bf3 Kf6 34. Re3
Ra2 35. Be2 Rb2 36. Kf2 Rb1 37. Kf3 Rb2 38. Bd1 Rd2 39. Be2 1/2-1/2

[Event "Gibraltar Masters 2020"]
[Site "Caleta ENG"]
[Date "2020.01.24"]
[Round "4.118"]
[White "Hng, Mei-En Emmanuelle"]
[Black "Gostelow, David W"]
[Result "1-0"]
[WhiteTitle "WFM"]
[WhiteElo "2055"]
[BlackElo "1901"]
[WhiteFideId "5804566"]
[BlackFideId "413151"]
[EventDate "2020.01.21"]

1. e4 c5 2. d4 cxd4 3. c3 Nf6 4. e5 Nd5 5. Nf3 Nc6 6. cxd4 d6 7. a3 Bg4 8. Be2
e6 9. O-O Be7 10. Nbd2 Nf4 11. Bb5 O-O 12. Ne4 Ng6 13. Bxc6 bxc6 14. exd6 Bxd6
15. h3 Bf5 16. Nc3 Nf4 17. Bxf4 Bxf4 18. Qa4 Qb6 19. d5 Bh6 20. dxc6 Qxb2 21.
Qb4 Rab8 22. Qxb2 Rxb2 23. Nd4 Rc8 24. Nxf5 exf5 25. Rab1 Rc2 26. Nd5 Bg5 27. c7
g6 28. Rb7 Kf8 29. Rfb1 Ke8 30. Rxa7 Be7 31. Re1 1-0

[Event "Gibraltar Masters 2020"]
[Site "Caleta ENG"]
[Date "2020.01.24"]
[Round "4.119"]
[White "Skou, Niels"]
[Black "Gravett, Alan D"]
[Result "1-0"]
[WhiteElo "2036"]
[BlackElo "1824"]
[WhiteFideId "1413155"]
[BlackFideId "406171"]
[EventDate "2020.01.21"]

1. c4 Nf6 2. Nc3 d6 3. g3 c5 4. Bg2 g6 5. Nf3 Nc6 6. O-O Bg7 7. a3 O-O 8. Rb1
Rb8 9. b4 cxb4 10. axb4 e5 11. d3 a6 12. b5 axb5 13. Nxb5 h6 14. Ba3 Ne8 15. e3
Kh7 16. Nd2 f5 17. Nxd6 Nxd6 18. Bxc6 f4 19. Bg2 fxg3 20. fxg3 Rxf1+ 21. Qxf1
Nf5 22. Qe2 e4 23. Bxe4 Nxe3 24. Nf3 Nf5 25. Kg2 Nd4 26. Nxd4 Bxd4 27. Qf3 Qc7
28. h4 1-0

[Event "Gibraltar Masters 2020"]
[Site "Caleta ENG"]
[Date "2020.01.24"]
[Round "4.120"]
[White "Sagar, Siya"]
[Black "Burke, Mitchell R"]
[Result "0-1"]
[WhiteElo "1740"]
[BlackElo "2001"]
[WhiteFideId "25098160"]
[BlackFideId "416231"]
[EventDate "2020.01.21"]

1. e4 c5 2. Nf3 d6 3. d4 cxd4 4. Nxd4 Nf6 5. Nc3 a6 6. Be3 e5 7. Nb3 Be6 8. f3
Be7 9. Qd2 O-O 10. g4 d5 11. exd5 Nxd5 12. Nxd5 Bxd5 13. Bg2 Bh4+ 14. Bf2 Bxf2+
15. Qxf2 Qg5 16. O-O Nc6 17. Rad1 Rad8 18. Kh1 Qf4 19. Rfe1 e4 20. Nd2 exf3 21.
Bxf3 Ne5 22. Kg2 Nxf3 23. Nxf3 Qxg4+ 24. Kf1 Qxf3 25. Qxf3 Bxf3 26. Rxd8 Rxd8
27. Re3 Bc6 28. Ke2 Re8 0-1

[Event "Gibraltar Masters 2020"]
[Site "Caleta ENG"]
[Date "2020.01.25"]
[Round "5.58"]
[White "Roussel-Roozmon, Thomas"]
[Black "Judkovsky, Yair"]
[Result "1-0"]
[WhiteTitle "GM"]
[WhiteElo "2473"]
[BlackElo "2305"]
[WhiteFideId "2603659"]
[BlackFideId "2804930"]
[EventDate "2020.01.21"]

1. d4 Nf6 2. c4 e6 3. g3 Bb4+ 4. Bd2 Bxd2+ 5. Qxd2 O-O 6. Bg2 d6 7. Nc3 Qe7 8.
e3 e5 9. Nge2 c6 10. h3 Nbd7 11. O-O Re8 12. Rae1 Nf8 13. f4 exd4 14. Nxd4 Be6
15. b3 Rad8 16. e4 Qc7 17. Qf2 Bc8 18. Re3 Re7 19. Rd1 Ng6 20. Red3 Ree8 21. Qd2
h5 22. Nde2 h4 23. g4 Qb6+ 24. Qe3 Qxe3+ 25. Rxe3 Rd7 26. Red3 Red8 27. Bf3 Ne8
28. g5 Re7 29. Bg4 Bxg4 30. hxg4 Rc8 31. Kf2 a6 32. Kf3 b5 33. cxb5 axb5 34. Nd4
b4 35. Na4 d5 36. e5 f6 37. Nf5 fxe5 38. Nxe7+ Nxe7 39. fxe5 Ng6 40. Re3 Nc7 41.
Nc5 Rf8+ 42. Kg2 Nf4+ 43. Kh1 Nfe6 44. Rc1 Nxg5 45. e6 Rf4 46. e7 Ne8 47. Nd3
Rxg4 48. Rf1 Nh7 49. Ne5 Rg5 50. Nxc6 Rg4 51. Ne5 Rg5 52. Nd7 Nhf6 53. Nxf6+
gxf6 54. Rf4 Kf7 55. Rxb4 Re5 56. Rxe5 fxe5 57. Rxh4 Kxe7 58. Rh6 d4 59. Kg2 Nf6
60. Kf3 d3 61. Rh1 e4+ 62. Kf4 Ke6 63. Rg1 Kd5 64. Ke3 Kc5 65. a3 Kd5 66. Rg5+
Kd6 67. a4 Kc7 68. b4 Kb7 69. a5 Ka7 70. b5 Kb7 71. Rg1 Ka7 72. Rf1 Nd5+ 73.
Kxe4 Nc3+ 74. Kxd3 Nxb5 75. Kc4 Nd6+ 76. Kb4 Nb7 77. Rd1 1-0